Những tác động của kinh tế thị trường, của toàn cầu hóa đối với sự phát triển xã hội và quản lý sự phát triển xã hội trong tiến trình đổi mới ở việt Nam /
Bewaard in:
| Hoofdauteur: | |
|---|---|
| Formaat: | Artikel |
| Taal: | Vietnamese |
| Onderwerpen: | |
| Tags: |
Voeg label toe
Geen labels, Wees de eerste die dit record labelt!
|
| Thư viện lưu trữ: | Thư viện Trường Đại học Đà Lạt |
|---|
| LEADER | 00944nam a2200265 4500 | ||
|---|---|---|---|
| 001 | DLU120132068 | ||
| 005 | ##20120227 | ||
| 040 | # | # | |a DLU |b vie |
| 041 | # | # | |a vie |
| 044 | # | # | |a vn |
| 100 | # | # | |a Phạm Văn Vang, |c TS. |
| 245 | # | # | |a Những tác động của kinh tế thị trường, của toàn cầu hóa đối với sự phát triển xã hội và quản lý sự phát triển xã hội trong tiến trình đổi mới ở việt Nam / |c Phạm Văn Vang. |
| 653 | # | # | |a Hội nhập kinh tế |
| 653 | # | # | |a Kinh tế thị trường |
| 653 | # | # | |a Phát triển xã hội |
| 773 | # | # | |t Khoa học xã hội Việt Nam |g Số 3(40), 2010, tr. 27-32 |
| 920 | # | # | |a Phòng Tạp chí -- Trung tâm Thông tin - Thư viện Trường Đại học Đà Lạt |
| 994 | # | # | |a DLU |
| 900 | # | # | |a True |
| 911 | # | # | |a Nguyễn Thị Linh Chi |
| 925 | # | # | |a G |
| 926 | # | # | |a A |
| 927 | # | # | |a BB |
| 980 | # | # | |a Thư viện Trường Đại học Đà Lạt |